Los tribunales de la Nueva España: antología
Sábháilte in:
| Príomhchruthaitheoir: | |
|---|---|
| Formáid: | LEABHAR |
| Teanga: | Spáinnis |
| Foilsithe / Cruthaithe: |
Ciudad de México
UNAM
1980
|
| Sraith: | Enseñanza del Derecho y Material Didáctico, 4
|
| Ábhair: | |
| Clibeanna: |
Cuir clib leis
Níl clibeanna ann, Bí ar an gcéad duine le clib a chur leis an taifead seo!
|
MARC
| LEADER | 00000nam a2200000 a 4500 | ||
|---|---|---|---|
| 001 | UCR0577 | ||
| 003 | CL-VaPUC | ||
| 008 | 971205e19800000MX |||||||||||||||||spa|d | ||
| 082 | 0 | 4 | |a 347.01 |b SOB |2 21 |
| 100 | 0 | |a Soberanes Fernández, José Luis |e author |9 396422 | |
| 245 | 1 | 4 | |a Los tribunales de la Nueva España: antología |
| 300 | |a 367 p | ||
| 942 | |c BK | ||
| 945 | |d 19971205 00:00:00 |a cmena | ||
| 260 | |a Ciudad de México |b UNAM |c 1980 | ||
| 650 | 0 | |a Derecho civil |9 255013 | |
| 650 | 0 | |a Tribunales |9 254872 | |
| 650 | 7 | |a EVANGELIZACION |2 CL-VaPUC |9 396423 | |
| 650 | 0 | |a Minería |9 326008 | |
| 650 | 0 | |a Hacienda pública |9 258673 | |
| 650 | 0 | |a Educación superior |9 223851 | |
| 650 | 0 | |a Universidades |9 256317 | |
| 650 | 0 | |a Derecho Indiano |9 256266 | |
| 583 | |a last modification |c 19971205 00:00:00 |k Rodrigo Vera | ||
| 490 | 0 | |a Enseñanza del Derecho y Material Didáctico, 4 | |
| 999 | |c 264077 |d 264075 | ||
| 952 | |0 0 |1 0 |4 0 |6 347_010000000000000_SOB_1980 |7 0 |8 DER_HDC |9 293679 |a BIBDER |b BIBDER |d 2019-11-19 |i 1908987 |o 347.01 SOB 1980 |p 1908987 |r 2023-01-25 |w 2019-11-19 |x Ubicación 4to Piso |y BK |z Estos recursos deben solicitarse con anticipación |k DER | ||